[Event "Bisaccia op 3rd"]
[Site "Bisaccia"]
[Date "2011.06.05"]
[Round "7"]
[White "Fiore, Mario Angelo"]
[Black "Stromboli, Carlo"]
[Result "1/2-1/2"]
[WhiteElo "2232"]
[BlackElo "2306"]
[PlyCount "122"]
[EventDate "2011.06.08"]
[EventType "swiss"]
[EventRounds "7"]
[EventCountry "ITA"]
[SourceTitle "EXT 2014"]
[Source "ChessBase"]
[SourceDate "2013.11.20"]
[SourceVersion "1"]
[SourceVersionDate "2013.11.20"]
[SourceQuality "1"]

1. e4 e5 2. Nf3 Nc6 3. d4 exd4 4. Nxd4 Bb4+ 5. c3 Be7 6. Nf5 Bf6 7. Bc4 Nge7 8. Ne3 d6 9. 0-0 0-0 10. Na3 Re8 11. f4 Ng6 12. Bd3 Be7 13. Nd5 Bf8 14. Nb5 Nce7 15. Ndxc7 a6 16. Nxa8 axb5 17. Be3 Nd5 18. exd5 Rxe3 19. Bxg6 hxg6 20. Qd4 Qe7 21. a4 bxa4 22. Nb6 Bf5 23. c4 Re4 24. Qf2 Re2 25. Rfe1 Rxf2 26. Rxe7 Rxb2 27. Rxb7 Bc2 28. Rb8 f5 29. c5 dxc5 30. Nd7 Rxb8 31. Nxb8 Bd6 32. Nd7 c4 33. Ne5 Bb3 34. Nxc4 Bxc4 35. Rxa4 Bxd5 36. g3 Bc6 37. Ra2 Bc5+ 38. Kf1 Be4 39. Ra5 Bb6 40. Re5 Kh7 41. h3 Kg8 42. Re7 Kf8 43. Rd7 Bc5 44. Rc7 Bd6 45. Rd7 Be7 46. h4 Bf6 47. Ra7 Kg8 48. Rc7 Kh7 49. Rc8 Ba1 50. Re8 Bc6 51. Rc8 Bb5+ 52. Kg2 Ba6 53. Rb8 Bd4 54. Rd8 Bb6 55. Rb8 Bc7 56. Re8 Bb7+ 57. Kh3 Be4 58. Rc8 Bb6 59. Kh2 Be3 60. Re8 Bb7 61. Rd8 Bb6 1/2-1/2

[Event "Bisaccia op 2nd"]
[Site "Bisaccia"]
[Date "2010.06.01"]
[Round "5"]
[White "Fiore, Mario Angelo"]
[Black "Sanchez, Joseph"]
[Result "0-1"]
[WhiteElo "2223"]
[BlackElo "2478"]
[PlyCount "48"]
[EventDate "2010.05.29"]
[EventType "swiss"]
[EventRounds "7"]
[EventCountry "ITA"]
[SourceTitle "EXT 2024"]
[Source "ChessBase"]
[SourceDate "2023.10.10"]
[SourceVersion "1"]
[SourceVersionDate "2023.10.10"]
[SourceQuality "1"]

1. e4 d5 2. exd5 Nf6 3. d4 Bg4 4. Nf3 Qxd5 5. Be2 Nc6 6. c4 Qf5 7. h3 Bxf3 8. Bxf3 Qe6+ 9. Be2 Qe4 10. Be3 Qxg2 11. Bf3 Qg6 12. Qa4 Nd7 13. Nc3 e5 14. 0-0-0 0-0-0 15. Nb5 e4 16. Rhg1 Nb6 17. Qc2 Nb4 18. Qb3 Qe6 19. d5 Qe8 20. Be2 a6 21. Nxc7 Kxc7 22. a3 N4xd5 23. cxd5 Nxd5 24. Rxd5 Kb8 0-1

[Event "Bisaccia op 2nd"]
[Site "Bisaccia"]
[Date "2010.06.01"]
[Round "6"]
[White "Franciosi, Fausto"]
[Black "Fiore, Mario Angelo"]
[Result "0-1"]
[WhiteElo "1967"]
[BlackElo "2223"]
[PlyCount "36"]
[EventDate "2010.05.29"]
[EventType "swiss"]
[EventRounds "7"]
[EventCountry "ITA"]
[SourceTitle "EXT 2024"]
[Source "ChessBase"]
[SourceDate "2023.10.10"]
[SourceVersion "1"]
[SourceVersionDate "2023.10.10"]
[SourceQuality "1"]

1. e4 c5 2. Nf3 e6 3. d3 Nc6 4. g3 g6 5. Bg2 Bg7 6. 0-0 Nge7 7. Re1 h6 8. c3 d5 9. Nbd2 b6 10. Nf1 Bb7 11. h4 Qd7 12. N1h2 0-0-0 13. e5 Kb8 14. a3 c4 15. b3 cxb3 16. Qxb3 Ba6 17. Qc2 Rc8 18. a4 Nb4 0-1

[Event "Castellaneta op"]
[Site "Castellaneta"]
[Date "1998.??.??"]
[Round "5"]
[White "Fiore, Mario Angelo"]
[Black "Quimi, Marco"]
[Result "1-0"]
[WhiteElo "2330"]
[BlackElo "2225"]
[PlyCount "53"]
[EventDate "1998.??.??"]
[EventType "swiss"]
[EventRounds "6"]
[EventCountry "ITA"]
[SourceTitle "EXT 2000"]
[Source "ChessBase"]
[SourceDate "1999.11.16"]
[SourceVersion "1"]
[SourceVersionDate "1999.11.16"]
[SourceQuality "1"]

1. e4 c5 2. Nf3 Nc6 3. Bb5 g6 4. 0-0 Bg7 5. c3 Nf6 6. d4 0-0 7. d5 Nb8 8. e5 Ng4 9. Re1 d6 10. exd6 exd6 11. h3 Ne5 12. Nxe5 Bxe5 13. Bh6 Bg7 14. Bf4 a6 15. Bf1 Qf6 16. Qd2 Qd8 17. a4 Qc7 18. Na3 b6 19. Nc4 Rd8 20. Nxd6 Qd7 21. Nc4 Qa7 22. a5 Nd7 23. Re7 Bf8 24. axb6 Qb7 25. Rae1 a5 26. Bc7 Bxe7 27. Rxe7 1-0

[Event "Vitinia op 9th"]
[Site "Vitinia"]
[Date "1997.??.??"]
[Round "5"]
[White "Scacco, Mauro"]
[Black "Fiore, Mario Angelo"]
[Result "1/2-1/2"]
[WhiteElo "2035"]
[BlackElo "2340"]
[PlyCount "52"]
[EventDate "1997.??.??"]
[EventType "swiss"]
[EventRounds "8"]
[EventCountry "ITA"]
[SourceTitle "EXT 2000"]
[Source "ChessBase"]
[SourceDate "1999.11.16"]
[SourceVersion "1"]
[SourceVersionDate "1999.11.16"]
[SourceQuality "1"]

1. Nh3 d5 2. g3 e5 3. c4 d4 4. Bg2 Nc6 5. 0-0 Nf6 6. d3 Bd6 7. b4 Bxh3 8. Bxh3 Bxb4 9. Na3 0-0 10. Rb1 Rb8 11. Bg2 Bd6 12. e3 a6 13. Qc2 Qe7 14. Qa4 Nb4 15. Qb3 c5 16. Bd2 Nd7 17. exd4 exd4 18. Rfe1 Qf6 19. f4 Qg6 20. Be4 f5 21. Bg2 Nf6 22. Nc2 Nxc2 23. Qxc2 b5 24. Re6 Rfd8 25. Ba5 Qf7 26. Rbe1 Bc7 1/2-1/2

[Event "ITA-chT"]
[Site "Italy"]
[Date "1995.??.??"]
[Round "?"]
[White "Fiore, Mario Angelo"]
[Black "Abatino, Maurizio"]
[Result "1-0"]
[WhiteElo "2340"]
[BlackElo "2330"]
[PlyCount "91"]
[EventDate "1995.??.??"]
[EventType "team"]
[EventRounds "7"]
[EventCountry "ITA"]
[SourceTitle "EXT 2000"]
[Source "ChessBase"]
[SourceDate "1999.11.16"]
[SourceVersion "1"]
[SourceVersionDate "1999.11.16"]
[SourceQuality "1"]

1. e4 e6 2. d4 d5 3. Nd2 c5 4. exd5 exd5 5. Ngf3 Nc6 6. Bb5 Bd6 7. dxc5 Bxc5 8. 0-0 Nge7 9. Nb3 Bd6 10. Re1 0-0 11. Bd3 h6 12. h3 Nb4 13. Bf1 Bf5 14. Nbd4 Bh7 15. c3 Nbc6 16. Bd3 Bxd3 17. Qxd3 Qd7 18. Be3 Rad8 19. Rad1 Bb8 20. Nxc6 bxc6 21. c4 Ng6 22. cxd5 cxd5 23. Qb3 Rfe8 24. Rd4 Ne5 25. Nxe5 Bxe5 26. Rd3 Rb8 27. Qxd5 Qxd5 28. Rxd5 Bxb2 29. Rb1 Bf6 30. Rxb8 Rxb8 31. Ra5 g5 32. g3 Kg7 33. Rxa7 Rb1+ 34. Kg2 Ra1 35. Ra6 Rd1 36. a4 Rd5 37. Kf3 Bc3 38. Rc6 Ba5 39. Ke4 Rd8 40. Bd4+ Kh7 41. Rf6 Rd7 42. g4 Be1 43. Kd3 Bd2 44. Kc4 Rb7 45. Rb6 Rc7+ 46. Kd3 1-0

[Event "Formia op"]
[Site "Formia"]
[Date "1995.??.??"]
[Round "?"]
[White "Fiore, Mario Angelo"]
[Black "Bellia, Fabrizio"]
[Result "0-1"]
[WhiteElo "2340"]
[BlackElo "2300"]
[PlyCount "92"]
[EventDate "1995.07.??"]
[EventType "swiss"]
[EventRounds "9"]
[EventCountry "ITA"]
[SourceTitle "EXT 1997"]
[Source "ChessBase"]
[SourceDate "1996.11.15"]
[SourceVersion "1"]
[SourceVersionDate "1996.11.15"]
[SourceQuality "1"]

1. e4 e5 2. Bc4 Nf6 3. d3 c6 4. Nf3 d5 5. Bb3 Bd6 6. Nc3 Be6 7. 0-0 h6 8. exd5 cxd5 9. Nb5 Nc6 10. Nxd6+ Qxd6 11. Re1 Nd7 12. Ba4 f6 13. d4 e4 14. Nd2 f5 15. Qh5+ Kf8 16. Bxc6 Nf6 17. Qg6 Qxc6 18. Nb3 b6 19. Bf4 Qe8 20. Qxe8+ Rxe8 21. a4 a5 22. Nd2 Rc8 23. c3 Kf7 24. Nf1 Bd7 25. Ne3 Be6 26. Be5 g5 27. g3 Rhg8 28. Kf1 Nd7 29. Red1 Nxe5 30. dxe5 Rcd8 31. Rd2 f4 32. Nc2 Rde8 33. Re1 Bh3+ 34. Kg1 Rxe5 35. c4 dxc4 36. Rd4 Rc8 37. Rdxe4 Rxe4 38. Rxe4 c3 39. bxc3 Rxc3 40. Ne1 f3 41. Re3 Rxe3 42. fxe3 Bd7 43. Nxf3 Bxa4 44. Ne5+ Ke6 45. Nc4 Bb3 46. Nxb6 a4 0-1